000 01663nam a2200385 a 4500
003 BLK
005 20231205150443.0
008 180410b bul|||||r ||||||| ||bul||
010 _aKNG00155610000
040 _aBLK
041 _aBUL
_cBUL
080 _aРелигиозна живопис
_b75.046
_x(497.2)
_z75.046(497.2)
100 1 _aЧилингиров, Асен
_9380427
245 1 0 _aЦърквата "Св. Никола" в село Марица
_bНауч. моногр.
_cАсен Чилингиров.
257 _aBGR
260 _aСофия
_bБълг. художник
_c1976
300 _a160 с.
_bс репрод.
_c28 см
380 _a7
490 _aПоредица Паметници на старата българска монументална живопис
500 _aАвт. не е отбелязан на кор. - 1 120 тир. - Рез. на рус., нем., фр., англ. - Прев. Василий Протопопов, Асен Чилингиров, Стоян Цонев, Васил Атанасов.
650 4 _aЖивопис, религиозна
_9276521
651 4 _aБългария
_9241624
653 _aрелигиозна живопис
653 _aстенописи
653 _aикони
653 _aсв. Никола
852 _aЦб ІІ 5513
856 4 _qpdf
856 4 _qpdf
942 _cKNG
_n0
944 _aCR
_c14.01.2014
_lРусанова Ирена
_k30542
944 _aED
_c15.01.2014
_l14.01.2014 - от С1,Р / 14.01.2014
999 _c149355
_d149355
999 _d149355